|
|
แสดงรายละเอียดบรรณานุกรม |
|
|
Brief Record
: Get Marc (ISO 2709)
: E-mail record
: |
|
|
| LEADER 00000nama 2200000uu 4500 | |||
| 001 187539 | |||
| 003 ULIBM | |||
| 008 040531s1999 th m m a000 0 eng d | |||
| 020 ^a0-07-303171-2 | |||
| 040 ^abcnkk | |||
| 041 ^aeng | |||
| 050 JF1501 S95s 1999 | |||
| 100 ^aState and local government 9/E | |||
| 245 ^astate | |||
| 246 ^aState government. | |||
| 260 ^aConnecticut:^bMcgraw-Hill,^c1999. | |||
| 300 ^a245 p. | |||
| 650 ^aLocal government--^xUnited States--^yPeriodicals | |||
| 650 0 ^aState governments--^xUnited States--^yPeriodicals | |||
| 998 2002-06-06 | |||
| 999 ^aใช้งานได้ทุกระบบ | |||
| คุณยังไม่ได้ล็อกอิน คุณสามารถมีกิจกรรมร่วมกับเว็บไซต์ได้ แต่ต้องล็อกอินก่อน :: |
|
| สถานะ | |||||||||
| 1. | หนังสือทั่วไป สถานะ=อยู่บนชั้นแสดงหนังสือ | JF1501 S95s 1999 | On Shelf ขอยืม | ||||||
| 2. | หนังสือทั่วไป สถานะ=อยู่บนชั้นแสดงหนังสือ | JF1501 S95s 1999 C.3 | On Shelf ขอยืม | ||||||
| [แสดง 2/2 รายการ] | |||||||||
BibComment |
| คอมเมนท์ทรัพยากรรายการนี้ |
|
|